ბათუმის შოთა რუსთაველის სახელმწიფო უნივერსიტეტის ბიბლიოთეკა

Мифология / (ბიბ.ჩანაწერი № 61060)

000 -LEADER
fixed length control field 00560nam a22001577a 4500
005 - DATE AND TIME OF LATEST TRANSACTION
control field 20231213104524.0
008 - FIXED-LENGTH DATA ELEMENTS--GENERAL INFORMATION
fixed length control field 231213s1959 ru ||||| |||| 00| 0 rus d
041 ## - LANGUAGE CODE
Language code of text/sound track or separate title rus
080 ## - UNIVERSAL DECIMAL CLASSIFICATION NUMBER
Universal Decimal Classification number 821.09:82.394 T-66
100 ## - MAIN ENTRY--PERSONAL NAME
Personal name Тренчени-Вальдапфель, Имре
9 (RLIN) 20684
245 ## - TITLE STATEMENT
Title Мифология /
Statement of responsibility, etc. Тренчени-Вальдапфель Имре.
264 ## - PRODUCTION, PUBLICATION, DISTRIBUTION, MANUFACTURE, AND COPYRIGHT NOTICE
Place of production, publication, distribution, manufacture Москва :
Name of producer, publisher, distributor, manufacturer Изд. Иностранной литературы,
Date of production, publication, distribution, manufacture, or copyright notice 1959.
300 ## - PHYSICAL DESCRIPTION
Extent 470 с.;
Other physical details 28 cm.
653 ## - INDEX TERM--UNCONTROLLED
keyword მითოლოგია
942 ## - ADDED ENTRY ELEMENTS (KOHA)
Source of classification or shelving scheme
Koha item type წიგნი
ეგზემპლარები
Withdrawn status Lost status Source of classification or shelving scheme Damaged status Not for loan Permanent Location Current Location Shelving location Date acquired Cost, normal purchase price Full call number Barcode Date last seen Copy number Uniform Resource Identifier Price effective from Koha item type Public note
          ბათუმის შოთა რუსთაველის სახელმწიფო უნივერსიტეტის მთავარი ბიბლიოთეკა ბათუმის შოთა რუსთაველის სახელმწიფო უნივერსიტეტის მთავარი ბიბლიოთეკა წიგნსაცავი 2023-12-13 10.00 821.09:82.394 T-66 65593 2023-12-13 65593 ბსუ-ს საპატიო დოქტორის გურამ ლორთქიფანიძის საჩუქარი 2023-12-13 წიგნი 10 ლ.